| 000 | 00404nam a2200157Ia 4500 | ||
|---|---|---|---|
| 003 | OSt | ||
| 005 | 20230526152450.0 | ||
| 008 | 211028s2016 xx 000 0 und d | ||
| 040 | _cAIMIT LIBRARY | ||
| 041 | _aeng | ||
| 100 |
_aHegde, Asha Ishwar; Suaris, Roshan. _98620 _e141903 |
||
| 110 |
_aRoshan Suaris _98621 |
||
| 245 | _aDoctor- patient portal. | ||
| 260 |
_aMangalore _c2016 |
||
| 942 |
_2ddc _cPRO |
||
| 999 |
_c219979 _d219979 |
||